[Event "CHN-ch Rapid Open 2018"]
[Site "Shenzhen"]
[Date "2018.06.06"]
[Round "3"]
[White "Yu, Yangyi"]
[Black "Xu, Xiangyu"]
[Result "1-0"]
[WhiteElo "2759"]
[BlackElo "2581"]
[Annotator "TA"]
[PlyCount "91"]
[EventDate "2018.??.??"]
[EventType "rapid"]
[EventCountry "CHN"]
[SourceTitle "playchess.com"]
[Source "ChessBase"]
[SourceQuality "1"]

{[%evp 13,91,11,40,29,84,75,83,83,98,100,84,74,109,46,115,88,113,108,115,102,118,58,62,47,52,56,68,64,64,64,72,75,79,78,102,89,87,87,181,181,176,176,173,179,158,110,116,102,104,96,92,100,107,95,107,101,108,115,115,120,105,69,184,40,25,64,44,46,70,48,29,37,35,2,623,672,1283,1243,1733,1713]} 1. e4 e5 2. Nf3 Nf6 3. Nxe5 d6 4. Nf3 Nxe4 5. Nc3 Nxc3 6. dxc3 Be7 7. Be3 Bf5 {LiveBook: 3 Partien. C42: Russische Verteidigung (Petrow)} (7... Nc6 8. Qd2 Be6 9. O-O-O a6 10. b3 h6 11. Be2 Qd7 12. Kb1 Bf6 13. Nd4 Nxd4 14. Bxd4 Bxd4 15. Qxd4 O-O 16. c4 Rfe8 17. Bf3 Rab8 {1-0 (41) Anand,V (2776)-Mamedyarov,S (2809) Moscow 2018}) 8. Nd4 Bg6 (8... Bd7 $11 {hält das Gleichgewicht.}) 9. Qf3 $16 c6 {Weiß steht besser.} 10. O-O-O $146 ({Vorgänger:} 10. Nf5 O-O 11. O-O-O Nd7 12. h4 Ne5 13. Nxe7+ Qxe7 14. Qf4 f6 15. Be2 {0-1 (29) Pourramezanali,A (2510)-Mousavi,S (2412) Teheran 2017}) 10... Qa5 11. Kb1 Nd7 12. h4 h5 13. Qg3 (13. Bf4 $16) 13... Ne5 (13... O-O-O $14) 14. Bg5 Bxg5 15. hxg5 {Droht f4 und aus.} O-O-O 16. f4 Nd7 17. Bd3 (17. Re1 $16) 17... Bxd3 $14 18. Qxd3 {Und Sf5 würde nun gewinnen.} g6 $1 19. Nb3 Qc7 20. Qxd6 Qxd6 21. Rxd6 Nb6 22. Rxd8+ $1 Rxd8 $16 {[%mdl 4096] Endspiel KTS-KTS} 23. Re1 $1 Nd5 24. g3 h4 25. c4 {[%cal Bc3c4,Bc4c5][%mdl 32]} Nb6 (25... Nc7 $16) 26. c5 $18 ({Finger weg von} 26. gxh4 $6 Nxc4 27. f5 Rh8 $14) 26... Nd5 27. c4 ({Bloß nicht} 27. gxh4 $6 Nxf4 28. a3 Ne6 $14) 27... Nb4 28. gxh4 Rh8 29. Nc1 {zielt auf Te7 ab.} Rxh4 30. a3 Na6 31. Nd3 Kd8 32. Re4 Rh3 33. Rd4+ Ke8 34. b4 Nc7 {[#]} 35. Ne5 $1 {Td7 ist eine echte Drohung.} Ne6 36. Rd7 Nd8 37. Rd3 Rh4 {[#]} (37... Rxd3 $14 38. Nxd3 Ne6) 38. Nd7 (38. Re3 $1 $18 Kf8 39. Re4) 38... Ne6 $14 39. Nf6+ Kf8 40. Rd7 Rxf4 41. Rxb7 {Droht Matt per Tb8+.} Nxg5 42. Nd7+ Kg7 43. Rxa7 {Droht stark b5.} Nf3 $2 {[%mdl 8192]} (43... Ne4 $11) 44. b5 $18 {[%cal Bb4b5,Bb5b6][%mdl 32] Weiß steht klar auf Gewinn.} g5 45. b6 Nd2+ 46. Kc2 {Precision: Weiß = 56%, Schwarz = 49%.} 1-0

[Event "CHN-ch Rapid Open 2018"]
[Site "Shenzhen"]
[Date "2018.06.06"]
[Round "3"]
[White "Lu, Shanglei"]
[Black "Wang, Hao"]
[Result "1-0"]
[WhiteElo "2630"]
[BlackElo "2710"]
[Annotator "TA"]
[PlyCount "90"]
[EventDate "2018.??.??"]
[EventType "rapid"]
[EventCountry "CHN"]
[SourceTitle "playchess.com"]
[Source "ChessBase"]
[SourceQuality "1"]

{[%evp 14,90,6,6,5,0,10,-14,-14,-9,8,0,4,-10,114,110,112,113,166,141,162,95,166,137,143,124,116,85,79,87,83,66,75,79,86,55,82,31,31,31,38,38,95,102,135,134,136,117,97,82,79,81,107,118,63,95,97,97,302,282,318,305,247,250,705,689,750,707,653,638,1310,1050,5065,2703,5218,5214,29983,29984,29983]} 1. e4 e5 2. Nf3 Nc6 3. Bb5 a6 4. Bxc6 dxc6 5. O-O Qf6 6. d3 {C68: Spanische Partie (Abtauschvariante)} (6. d4 exd4 7. Bg5 Qd6 8. Nxd4 Be7 9. Be3 Nh6 10. Qd2 g5 11. Nf3 Rg8 12. h4 Qg6 13. hxg5 Ng4 {0-1 (37) Meier,G (2648)-Caruana,F (2784) Karlsruhe/Baden-Baden 2018}) 6... Ne7 7. Bg5 Qd6 8. Nbd2 {LiveBook: 3 Partien. Die Stellung ist ausgeglichen.} Ng6 9. a4 $146 ({Vorgänger:} 9. Nc4 Qe6 10. d4 Qxc4 11. Nxe5 Nxe5 12. dxe5 Be6 13. Qd3 Qxd3 14. cxd3 {0-1 (42) Schenker,L (1655)-Tatinian,W (1850) ICCF email 2016}) 9... a5 10. Nc4 Qe6 $1 11. b3 Be7 (11... f6 {looks sharper.} 12. Be3 Be7 13. Bd2 b6 14. Ne3 O-O) 12. Bxe7 Qxe7 13. Qd2 b6 (13... Bg4 $11) 14. Qc3 $1 $36 {[%mdl 2048] Schwarz muss nun Sxb6! beachten. Weiss bestimmt, wo es lang geht.} f6 15. Ncxe5 $1 (15. Nxb6 cxb6 16. Qxc6+ Kf7 $17) 15... c5 (15... Bb7 $16 {war angesagt.}) 16. Nxg6 $1 $18 hxg6 17. d4 (17. e5 $1 $18) 17... Be6 (17... Ba6 $16 {war einen Versuch wert.}) 18. Rfe1 O-O-O 19. Rad1 Bg4 20. dxc5 Qxc5 21. Qxc5 bxc5 22. Rd5 Rxd5 23. exd5 $14 {[%mdl 4096] Endspiel KTL-KTS} Bf5 24. c4 Kd7 25. Nd2 (25. h4 $16) 25... Rh4 26. f3 {zielt auf g4 ab.} Rd4 27. Re2 Bd3 (27... g5 $14) 28. Re3 $1 $16 Bc2 29. Ne4 $1 {[%cal Re4c5]} Bxe4 30. fxe4 {KT-KT} (30. Rxe4 $6 Rd3 $11) 30... Kd6 {[#]} 31. e5+ $1 {[%mdl 512]} fxe5 32. Rg3 e4 33. Rxg6+ Ke5 34. Rxg7 Rd1+ 35. Kf2 {h4 ist eine echte Drohung.} Kd4 $2 (35... Rd2+ $16 36. Kf1 Kd4) 36. Re7 $1 $18 ({Schwächer ist} 36. Rxc7 e3+ 37. Ke2 Rd2+ 38. Kf3 Rf2+ 39. Kg3 Rf6 $16) 36... Rb1 {[#]} 37. h4 $1 {[%cal Bh2h4,Bh4h5][%mdl 32]} ({Nicht} 37. Rxc7 e3+ 38. Ke2 Rb2+ 39. Kf3 Rf2+ 40. Kg3 Kd3 $16) 37... Rxb3 {[#]} 38. h5 $1 ({Bloß nicht} 38. Rxc7 Rb6) 38... Rb1 $2 (38... Rb2+ 39. Kg3 Kxc4) 39. g4 {[%cal Bg2g4,Bg4g5,Bg5g6][%mdl 32]} Kxc4 40. Rxe4+ Kxd5 41. Re1 Rb8 42. g5 Rg8 43. g6 c4 44. Rg1 Rf8+ 45. Ke3 Re8+ {Precision: Weiß = 80%, Schwarz = 43%.} 1-0

[Event "CHN-ch Rapid Open 2018"]
[Site "Shenzhen"]
[Date "2018.06.06"]
[Round "3"]
[White "Zhao, Jun"]
[Black "Fang, Yuxiang"]
[Result "1-0"]
[WhiteElo "2611"]
[BlackElo "2499"]
[Annotator "TA"]
[PlyCount "134"]
[EventDate "2018.??.??"]
[EventType "rapid"]
[EventCountry "CHN"]
[SourceTitle "playchess.com"]
[Source "ChessBase"]
[SourceQuality "1"]

{[%evp 17,134,17,23,25,17,17,31,21,40,36,41,6,14,0,0,0,0,0,0,-2,0,0,0,0,0,0,0,-9,7,7,20,20,58,38,41,41,40,36,39,21,35,0,30,0,32,0,0,0,25,30,55,58,74,75,83,61,85,34,103,103,103,72,83,0,103,72,72,72,72,72,72,72,72,72,72,72,72,0,72,72,72,72,72,72,72,72,72,72,72,58,58,58,58,0,58,58,58,0,58,58,58,58,58,58,58,36,37,19,19,19,19,19,27,33,77,0,4614,4614,1235]} 1. c4 e6 2. Nc3 d5 3. d4 Nf6 4. Bg5 Be7 5. e3 h6 6. Bxf6 Bxf6 7. Nf3 c6 8. Bd3 Nd7 9. O-O O-O {LiveBook: 20 Partien} 10. Qe2 {D55: Damengambit (Hauptvariante, Abweichungen - Alte Lasker-Variante, etc.)} (10. Rc1 dxc4 11. Bxc4 e5 12. d5 Nb6 13. b3 cxd5 14. Bxd5 Nxd5 15. Nxd5 Bf5 16. Nxf6+ gxf6 17. Nd2 Rc8 18. e4 Be6 19. Qe2 Rxc1 20. Rxc1 {½-½ (54) Wang,Y (2706)-Ma,Q (2637) China 2017}) 10... dxc4 11. Bxc4 e5 12. d5 {Weiß steht etwas besser.} cxd5 13. Bxd5 Nb6 14. Be4 $146 ({Vorgänger:} 14. Bb3 Qe7 15. Ne4 Bd7 16. Rfd1 Bc6 17. Nxf6+ Qxf6 18. Rd2 Rad8 19. Rad1 Rxd2 20. Rxd2 g6 21. h3 Kg7 22. Qd1 {½-½ (22) Spassky,B-Petrosian,T Moscow (Russia) 1966}) 14... Qe7 15. a4 a5 {[%cal Ba7a5,Ba5b4,Bb4c3][%mdl 32]} 16. Qb5 Qb4 17. Qxb4 axb4 18. a5 bxc3 19. axb6 Rxa1 20. Rxa1 cxb2 21. Rb1 $1 Rd8 {Droht ...Le7 und aus.} 22. h3 Rd6 23. Rxb2 Bd8 24. Nxe5 Bxb6 25. Nc4 Rd1+ 26. Kh2 Bc7+ 27. g3 Rc1 28. Bd5 Kf8 29. e4 Ke7 30. Kg2 g6 31. Ne3 b6 32. Nc4 Be6 33. Bxe6 Kxe6 34. Nxb6 Bxb6 35. Rxb6+ $11 {[%mdl 4096] Endspiel KT-KT} Ke5 36. Rb4 Rc2 37. Kf3 (37. g4 $16) 37... Ra2 (37... Rc3+ $14 38. Kg2 g5) 38. Rb5+ $16 Ke6 39. Rb6+ Ke5 40. Rb5+ Ke6 41. h4 h5 42. Ke3 Ra3+ 43. Kf4 Ra2 44. f3 Ra3 45. Rb6+ Ke7 46. Rb7+ Ke6 47. Rb6+ Ke7 48. Rc6 Rb3 49. Ra6 Rc3 50. Ra8 Rb3 51. Ra7+ Ke6 52. Ra6+ Ke7 53. e5 Rc3 54. Rf6 Rc5 55. Ra6 Rc3 $1 56. Ra7+ Ke6 57. Ra6+ Ke7 58. Ra4 Ke6 59. Rd4 Ra3 60. Rb4 Rc3 61. g4 hxg4 62. fxg4 Rh3 63. Rb6+ Ke7 $1 64. Kg5 {Und e6! würde nun gewinnen.} Re3 65. Rb7+ Ke6 {[#]} 66. Rb6+ ({Lieber} 66. Rb4 $1 $16) 66... Kxe5 $2 {[%mdl 8192]} (66... Ke7 $11) 67. Rf6 $18 Kd5 {Precision: Weiß = 53%, Schwarz = 61%.} 1-0

[Event "CHN-ch Rapid Open 2018"]
[Site "Shenzhen"]
[Date "2018.06.06"]
[Round "3"]
[White "Wen, Yang"]
[Black "Wei, Yi"]
[Result "1/2-1/2"]
[WhiteElo "2596"]
[BlackElo "2734"]
[Annotator "TA"]
[PlyCount "83"]
[EventDate "2018.??.??"]
[EventType "rapid"]
[EventCountry "CHN"]
[SourceTitle "playchess.com"]
[Source "ChessBase"]
[SourceQuality "1"]

{[%evp 11,83,0,0,-8,0,0,0,0,-9,-8,0,0,4,0,0,0,0,0,0,0,0,-4,0,-28,-29,-32,-30,-31,0,0,0,0,0,0,0,0,0,0,0,0,1,0,0,0,0,0,7,2,0,0,0,0,0,0,0,0,0,0,0,-2,0,-81,-89,-77,0,0,0,0,0,0,0,0,0,0]} 1. d4 Nf6 2. Nf3 d5 3. Bf4 Bf5 4. e3 e6 5. Bd3 Bxd3 6. Qxd3 c5 {LiveBook: 5 Games. D02: 1 d4 d5 2 Nf3 sidelines, including 2...Nf6 3 g3 and 2...Nf6 3 Bf4} (6... c6 7. O-O Bd6 8. Nbd2 O-O 9. c3 Bxf4 10. exf4 Nbd7 11. Rfe1 Qb6 12. Rab1 Rfe8 13. Ne5 c5 14. Ndf3 cxd4 15. Qxd4 Qxd4 16. Nxd4 {0-1 (80) Berkes,F (2661)-Mamedov,R (2678) Heraklio 2017}) 7. c3 Nc6 8. O-O Bd6 9. Bxd6 Qxd6 10. Qb5 $146 ({Predecessor:} 10. Nbd2 O-O 11. Rfe1 Rac8 12. Rad1 {½-½ (22) Mas Recorda,P (1958)-Parra Dolz,M (2075) Santa Eulalia de Roncana 2010}) 10... cxd4 11. cxd4 O-O 12. Nc3 a6 13. Qe2 Rfc8 14. Rfc1 Nd7 15. Ne1 Rc7 16. Nd3 Rac8 17. Rc2 Nb4 18. Nxb4 Qxb4 19. Rac1 Qd6 20. g3 Nf6 21. Na4 Nd7 22. Kg2 g6 23. Qd3 Rxc2 24. Rxc2 Rc6 25. Rc3 Qc7 26. Qc2 (26. h4 {is more complex.} Kf8 27. Rxc6 Qxc6 28. b3 Nf6 29. Qc3) 26... Rxc3 27. Qxc3 Qxc3 28. Nxc3 $11 {[%mdl 4096] Endgame KN-KN} Kg7 29. Kf3 Kf6 30. Ke2 Ke7 31. e4 dxe4 32. Nxe4 b6 33. Kd3 f5 34. Nc3 Kd6 35. f3 e5 36. Ke3 (36. Ne2 $11) 36... exd4+ $17 37. Kxd4 Nc5 (37... Ne5 $17 38. Ke3 Nc4+ 39. Kf4 Nxb2) 38. f4 $11 {The position is equal.} Ne6+ 39. Kd3 Nc5+ 40. Kd4 Ne6+ 41. Kd3 Nc5+ 42. Kd4 {Precision: White = 78%, Black = 85%.} 1/2-1/2

[Event "CHN-ch Rapid Open 2018"]
[Site "Shenzhen"]
[Date "2018.06.06"]
[Round "3"]
[White "Bai, Jinshi"]
[Black "Xiang, Zeyu"]
[Result "1/2-1/2"]
[WhiteElo "2594"]
[BlackElo "2423"]
[Annotator "TA"]
[PlyCount "238"]
[EventDate "2018.??.??"]
[EventType "rapid"]
[EventCountry "CHN"]
[SourceTitle "playchess.com"]
[Source "ChessBase"]
[SourceQuality "1"]

{[%evp 23,238,17,17,14,20,0,0,-14,-4,-14,-12,-9,-7,-8,5,0,103,83,182,189,148,148,231,229,224,238,408,414,399,285,253,232,400,386,353,200,183,204,183,193,193,175,239,233,467,325,486,399,399,181,181,181,174,181,175,175,168,166,158,91,91,38,116,116,116,91,91,91,91,92,92,92,93,0,620,570,12840,12840,12845,12846,12846,12846,12846,0,12846,0,12846,12847,12847,12847,12848,12848,12849,12849,12850,12849,12850,12849,12850,12850,12850,12851,12851,0,0,0,0,0,0,0,0,0,0,0,0,0,0,0,0,0,0,0,0,0,0,0,0,0,0,0,12851,0,0,0,0,0,0,0,0,0,0,0,0,0,0,0,0,0,0,0,0,0,0,0,0,0,0,0,0,0,29979,12851,12851,12851,29974,29971,12851,12851,12851,12851,12851,12851,12851,29972,12851,12851,12851,29959,12851,0,0,0,0,0,0,0,0,0,0,0,0,0,0,0,0,0,0,0,0,0,0,0,0,0,0,0,0,0,0,0,0,0,0,0,0,0,0]} 1. d4 d5 2. c4 e6 3. Nf3 Nf6 4. g3 Bb4+ 5. Nbd2 O-O 6. Bg2 b6 7. O-O Bb7 8. Ne5 Nbd7 9. Qa4 Bd6 10. cxd5 exd5 11. Nxd7 Qxd7 12. Qxd7 Nxd7 {[#]} 13. Nc4 $1 {[%mdl 512] E16: Queen's Indian: 4 g3 Bb7 5 Bg2 Bb4+} Be7 {[#]} (13... dxc4 14. Bxb7) 14. a4 $146 ({Predecessor:} 14. Bf4 c6 15. Nd6 Bxd6 16. Bxd6 Rfe8 17. Rfe1 Nf8 18. Rac1 Rad8 19. Ba3 Ne6 20. e3 f5 {1-0 (64) Vallejo Pons,F (2717)-Karthikeyan,M (2579) Tbilisi 2017}) 14... c6 15. Ne3 a5 16. Nf5 Bb4 17. Bf4 g6 18. Ne3 Kg7 19. Rac1 Rfe8 {[#]} (19... Rac8 $11) 20. Nxd5 $1 $16 {[%mdl 512]} Rxe2 (20... cxd5 $16 {was necessary.} 21. Rc7 g5) 21. Nxb4 $18 axb4 22. b3 ({But not} 22. Bxc6 Bxc6 23. Rxc6 Rxb2 $14) 22... Rc8 (22... Rae8 $16 {was worth a try.}) 23. Rfe1 Rxe1+ 24. Rxe1 Nf8 $2 (24... g5) 25. Re7 Ba6 26. Bh3 Ra8 27. Rc7 Be2 $2 (27... c5 28. dxc5 bxc5 29. Rxc5 Rd8) 28. Be5+ Kg8 29. Rxc6 (29. Bg2 $142) 29... Bd1 30. Rxb6 Bxb3 31. Rxb4 Bxa4 32. Bg2 Ra6 (32... Ra5 {was called for.} 33. Bc7 Ra6) 33. Rb8 Bd7 $2 (33... Re6 {keeps fighting.} 34. Ra8 Bb5) 34. Bd5 Be6 (34... Ra5 {is a better defense.}) 35. Bxe6 Rxe6 {[%mdl 4096] Endgame KRB-KRN} 36. f4 (36. Rd8 $142) 36... f6 37. d5 Ra6 38. Bc3 Kf7 39. Rb7+ Ke8 40. Rg7 $1 Rb6 41. Bd4 (41. Kg2 $142) 41... Rd6 $16 42. Kg2 (42. Bb2 $16) 42... Rxd5 (42... f5 $14) 43. Bxf6 Rd7 44. Kf3 Rxg7 45. Bxg7 {KB-KN} Ne6 46. Bc3 h5 47. Ke4 Kf7 48. f5 (48. Bd4 $16) 48... Nc5+ $2 {[%mdl 8192]} (48... gxf5+ $11 49. Kxf5 h4 50. gxh4 Ng7+ 51. Kg5 Ne6+ 52. Kh6 Nc5) 49. Kf4 $18 Nd3+ {[#]} 50. Kg5 $1 gxf5 51. Kxf5 Nf2 52. Bd4 Nd3 53. Bc3 Nf2 $1 54. Bd4 Nd3 $1 55. h4 Ne1 56. Bc3 Nf3 57. Kf4 Nh2 58. Kg5 Ke6 59. Ba5 Nf1 60. Bc7 Ne3 61. Bf4 Ng4 62. Kxh5 Kf5 63. Bb8 $2 (63. Bg5 $18 Ne5 64. Be3) 63... Nf6+ $11 64. Kh6 Ng4+ 65. Kg7 Nf6 66. Bf4 Nh5+ 67. Kh6 $1 {[%cal Rh6h5]} Nf6 68. Bg5 Ne4 69. Bf4 Nf6 70. Bc7 Ng4+ 71. Kg7 Nf6 72. Bb8 Nh5+ 73. Kf7 Nf6 74. Bc7 Nh5 75. Bd6 Nf6 76. Bb4 Ne4 77. Be1 $2 ({White should play} 77. h5 $18 Ng5+ 78. Kg8) 77... Nf6 78. Bd2 Nh5 79. Bf4 Nf6 80. Bd6 Nh5 81. Bb8 Nf6 82. Bc7 Nh5 83. Bd6 Nf6 84. Bb8 Nh5 85. Ke7 Nf6 86. Bd6 Nh5 87. Bb8 Nf6 88. Bd6 (88. g4+ $5 Kxg4 89. Kxf6 Kxh4 $11) 88... Nh5 89. Bb8 Nf6 90. Kd6 Nh5 91. Kd5 $2 {[%mdl 8192]} (91. g4+ $11 Kxg4 92. Ke7) 91... Ng7 $2 {[%mdl 8192]} (91... Nf6+ $11 92. Kd6 Ng4) 92. Be5 $18 Ne6 93. Kd6 Nf8 94. Bg7 Ne6 95. Be5 Nf8 96. Bg7 Ne6 97. Bc3 Nf8 98. Ke7 Ne6 99. Kf7 Nc5 100. Ba5 (100. h5 $18 Kg5 {[#]} 101. g4 $1 {[%mdl 512]}) 100... Ne4 101. Bc7 $2 ({White should try} 101. h5 $18 Nd6+ 102. Kf8) 101... Nf6 $11 {The position is equal.} 102. Ke7 Nh5 103. Bb8 Nf6 104. Kd6 Nh5 105. Kd5 {Threatens to win with Be5.} Nf6+ 106. Kd4 Nd7 107. Bd6 Nf6 108. Ke3 {And now Kf3 would win.} Kg4 109. Kd4 (109. Be5 {looks sharper.} Nd7 110. Bd4 Nf8 111. h5 Kxg3 112. Kd3) 109... Kf5 110. Be5 Ng4 111. Bh8 Nh2 112. Ke3 Kg4 113. Kf2 {Black must now prevent Bf6.} Kf5 114. Bd4 {Strongly threatening Kg2.} Kg4 115. Bb6 Nf3 116. Bd8 {Bf6 is the strong threat.} Nd4 117. Ba5 {Hoping for Be1.} Nf5 118. Be1 {aiming for Ke2.} Nxh4 119. gxh4 Kxh4 {Precision: White = 65%, Black = 67%.} 1/2-1/2

[Event "CHN-ch Rapid Open 2018"]
[Site "Shenzhen"]
[Date "2018.06.06"]
[Round "3"]
[White "Xu, Yi"]
[Black "Xu, Yinglun"]
[Result "1/2-1/2"]
[WhiteElo "2534"]
[BlackElo "2536"]
[Annotator "TA"]
[PlyCount "41"]
[EventDate "2018.??.??"]
[EventType "rapid"]
[EventCountry "CHN"]
[SourceTitle "playchess.com"]
[Source "ChessBase"]
[SourceQuality "1"]

{[%evp 23,41,33,37,36,44,51,41,36,82,41,91,0,87,0,86,0,68,0,97,0]} 1. e4 c5 2. Nf3 d6 3. Bb5+ Bd7 4. Bxd7+ Nxd7 5. O-O Ngf6 6. Qe2 e6 7. c4 Be7 8. d4 cxd4 9. Nxd4 O-O 10. Nc3 a6 11. b3 Rc8 12. Bb2 Qc7 13. Kh1 {B52: Sicilian: Moscow Variation with 3...Bd7} (13. Rac1 Rfe8 14. Rfd1 Qb8 15. h3 Bf8 16. Qd2 Red8 17. Nf3 b5 18. cxb5 axb5 19. Qe2 b4 20. Na4 d5 21. exd5 Nxd5 {0-1 (44) Fressinet,L (2717)-Le,Q (2712) Dubai 2014}) 13... Rfe8 14. f4 Qc5 15. Rad1 {White is slightly better.} Bf8 16. Nf3 {Threatens to win with e5.} Ng4 17. Nd4 $146 ({Predecessor:} 17. Ng5 f5 18. Na4 Qc6 19. h3 Nh6 20. e5 dxe5 21. fxe5 Rcd8 {1-0 (41) Breder,D (2255)-Caravan,M (2125) Senden 1999}) 17... Ngf6 18. Nf3 Ng4 19. Nd4 Ngf6 20. Nf3 Ng4 21. Nd4 (21. Ng5 $16 f5 22. h3) 1/2-1/2

[Event "CHN-ch Rapid Open 2018"]
[Site "Shenzhen"]
[Date "2018.06.06"]
[Round "3"]
[White "Zeng, Chongsheng"]
[Black "Zhao, Yuanhe"]
[Result "1-0"]
[WhiteElo "2532"]
[BlackElo "2379"]
[Annotator "TA"]
[PlyCount "75"]
[EventDate "2018.??.??"]
[EventType "rapid"]
[EventCountry "CHN"]
[SourceTitle "playchess.com"]
[Source "ChessBase"]
[SourceQuality "1"]

{[%evp 23,75,33,24,14,23,0,20,0,45,56,146,76,118,55,92,82,64,41,62,28,72,96,194,202,173,182,323,318,495,474,773,768,734,732,1055,1070,1582,1550,29978,29979,29993,29980,29980,29981,29981,29981,29982,29983,29985,29986,29987,29983,29996,29995]} 1. d4 d5 2. c4 c6 3. Nc3 Nf6 4. Nf3 e6 5. Bg5 Nbd7 6. e3 Qa5 7. cxd5 Nxd5 8. Rc1 {D52: Queen's Gambit Declined: Cambridge Springs Variation} b6 9. Be2 Nxc3 10. bxc3 Ba3 11. Rc2 Ba6 12. O-O Bxe2 {LiveBook: 22 Games} 13. Rxe2 O-O 14. Qc2 {[#]} h6 $146 ({Predecessor:} 14... Rfe8 15. Rd1 Rac8 {1-0 (37) Yu,Y (2751)-Dreev,A (2653) Riadh 2017}) 15. Bh4 c5 16. d5 e5 (16... exd5 $14 17. Qf5 Qa4) 17. c4 (17. Be7 $142) 17... Rfe8 18. Rb1 (18. Nd2 $16) 18... a6 19. Nd2 $36 {[%cal Bf3d2,Bd2e4,Be4g3,Bg3f5][%mdl 2080] Black is under strong pressure.} b5 20. Ne4 {Nd6 is the strong threat.} Qb6 21. d6 Bb4 22. Be7 {[%cal Bh4e7,Be7f6,Bf6g7][%mdl 32]} Rac8 (22... Ba5 $16) 23. Ng3 Qc6 24. Nf5 Kh8 (24... Ba5 {was called for.} 25. Bh4 Bd8) 25. e4 Nb6 (25... Nf8 {is a better defense.} 26. Qc1 Kg8) 26. Qd3 $18 Qd7 {[#]} (26... Nxc4 $142 27. d7 Rb8 28. dxe8=N Rxe8) 27. Bf6 $1 {[%mdl 512] aiming for Qg3.} Re6 (27... gxf6 28. Qh3) 28. Bxg7+ Kh7 29. Qh3 Rxd6 30. Bxh6 {Threatening mate with Bg7+.} Rd1+ {[#]} 31. Re1 $1 {[%mdl 512] White mates.} Rxe1+ (31... Bxe1 32. Bg7+) 32. Rxe1 f6 33. Bd2+ Kg8 34. Qg4+ Kf7 35. Bxb4 cxb4 36. Rd1 Qc7 37. Rd6 Rg8 38. Qh5+ {Precision: White = 67%, Black = 17%.} 1-0

[Event "CHN-ch Rapid Open 2018"]
[Site "Shenzhen"]
[Date "2018.06.06"]
[Round "3"]
[White "Liu, Yan"]
[Black "Chen, Qi b"]
[Result "1/2-1/2"]
[WhiteElo "2505"]
[BlackElo "2432"]
[Annotator "TA"]
[PlyCount "149"]
[EventDate "2018.??.??"]
[EventType "rapid"]
[EventCountry "CHN"]
[SourceTitle "playchess.com"]
[Source "ChessBase"]
[SourceQuality "1"]

{[%evp 22,149,0,-1,0,-8,5,0,38,0,0,-17,26,15,53,77,68,76,67,67,62,66,83,69,65,70,61,3,81,89,154,0,0,0,0,0,0,-12,-9,-9,-4,-16,-15,-22,-17,-60,-58,-55,-55,-76,-23,-27,-25,-41,-37,-88,-49,-59,-16,-38,-32,-62,0,-38,0,-33,0,-60,-40,-48,7,0,0,0,0,0,0,0,0,-2,-6,-8,0,-8,-7,-8,-8,-8,-8,-8,-8,-30,-8,-10,-7,-29966,-29967,-29967,-29968,-29969,-29970,-29970,-29970,-29972,-29974,-29973,-29974,-29969,0,0,0,0,0,0,0,0,0,0,0,0,0,0,0,0,0,0,0,0,0,0]} 1. Nf3 Nf6 2. c4 g6 3. b3 Bg7 4. Bb2 O-O 5. g3 d6 6. d4 Nbd7 7. Bg2 e5 8. dxe5 dxe5 9. O-O {E60: King's Indian: Unusual lines and Fianchetto Variation without Nc3} e4 10. Nd4 c6 11. Nc2 Re8 12. Nc3 {LiveBook: 6 Games} (12. Qd2 Qe7 13. Nc3 Qc5 14. h4 h6 15. Rad1 Qh5 16. Ne3 Nf8 17. Qc2 Bf5 18. Rd6 N8h7 19. Na4 Bg4 20. Nc3 Bf5 21. Na4 Bg4 22. Nc3 {½-½ (22) Bu,X (2681)-Sasikiran,K (2682) Tsaghkadzor 2015}) 12... h5 13. Qd2 Qc7 $146 ({Predecessor:} 13... h4 14. Rad1 Qe7 15. Qg5 hxg3 16. hxg3 Nf8 17. Ba3 Qe6 18. Rd6 {½-½ (54) Rashkovsky,N (2495)-Podgaets,M (2450) Nikolaev (Ukraine) 1983}) 14. Rad1 Nf8 15. Qc1 h4 16. Qa1 hxg3 17. fxg3 Qb6+ 18. e3 Ng4 19. Nxe4 Bxb2 20. Qxb2 Bf5 21. c5 Qc7 $1 22. Nd6 Bxc2 $1 23. Qxc2 Nxe3 24. Qe2 ({White should try} 24. Nxe8 $14 Rxe8 25. Qe2) 24... Re7 (24... Re6 $1 $11) 25. Rde1 $16 Nf5 {[#]} (25... f5 $142) 26. Qd2 $2 ({White must play} 26. Ne4 $1 $16) 26... Rxe1 $11 27. Rxe1 {And now Bh3 would win.} Rd8 28. Rd1 Nxd6 29. cxd6 Qb6+ 30. Kh1 Qc5 31. Bh3 Qh5 32. Bg2 Qe5 33. Qd4 Qxd4 34. Rxd4 $15 {[%mdl 4096] Endgame KRB-KRN} Ne6 35. Rd2 Kf8 (35... f5 $17) 36. b4 Ke8 37. a4 Kd7 38. Kg1 ({White should play} 38. h4 $15) 38... Rh8 39. b5 Rh5 40. bxc6+ bxc6 41. Rb2 Nc5 (41... Nd8 $15) 42. Rf2 Rh7 43. Rd2 Rh8 44. a5 (44. Rc2 $11 Kxd6 45. Rd2+ Kc7 46. Rc2) 44... Nb3 45. Rb2 Rb8 (45... Nxa5 $15 46. Ra2 Rh5) 46. Bf1 Rb4 47. Bc4 $1 {[%cal Rc4f7]} Rxc4 48. Rxb3 Kxd6 $11 {KR-KR} 49. Rb7 Ra4 50. Rxf7 Rxa5 51. Rf6+ Kd5 52. Rxg6 {Rg5+ is the strong threat.} Ra1+ 53. Kg2 Ra2+ 54. Kh3 c5 {Threatens to win with ...c4.} 55. Rg8 c4 56. g4 $1 Ra6 57. g5 $1 c3 58. Rf8 $2 {[%mdl 8192] [#]} (58. Rc8 $11 Rc6 59. Rxc6 Kxc6 60. g6) 58... c2 59. Rf1 Rc6 60. Rc1 Kd4 61. Kg4 Kd3 62. h4 Kd2 63. Ra1 c1=Q 64. Rxc1 Kxc1 $2 {KR-KPP} (64... Rxc1 {mates} 65. g6 Rg1+ 66. Kf5 Rh1 67. g7 Rg1 68. Kf6 a5 69. Kf7 a4 70. g8=Q Rxg8 71. Kxg8 a3 72. h5 a2 73. h6 a1=Q 74. h7 Qg1+ 75. Kf7 Qf2+ 76. Kg7 Qd4+ 77. Kg8 Qg4+ 78. Kf7 Qh5+ 79. Kg7 Qe5+ 80. Kg8 Qe8+ 81. Kg7 Qe5+ 82. Kg8 Qe8+ 83. Kg7 Qd7+ 84. Kg8 Qd8+ 85. Kg7 Qd4+ 86. Kg8 Qd8+ 87. Kg7 Qg5+ 88. Kf7 Qe5 89. Kg8) 65. h5 {The position is equal.} a5 {[%cal Ba7a5,Ba5a4,Ba4a3,Ba3a2][%mdl 32]} 66. h6 {Black must now prevent h7.} a4 67. h7 Rc8 {aiming for ...a3.} 68. g6 {Hoping for g7.} a3 {Strongly threatening ...a2.} 69. g7 a2 70. h8=Q Rxh8 71. gxh8=Q {White threatens Qa1+ and mate.} Kb1 72. Qb8+ Ka1 73. Qe5+ Kb1 74. Qb5+ Ka1 75. Qc4 {Precision: White = 38%, Black = 46%.} 1/2-1/2